| 000 | 00814nam a2200205Ia 4500 | ||
|---|---|---|---|
| 999 |
_c38303 _d38303 |
||
| 001 | 4313 | ||
| 003 | GE_BSU | ||
| 005 | 20191007155720.0 | ||
| 008 | 181216s1971||||ge |||||||||||||| ||geo|| | ||
| 040 | _cGE_BSU | ||
| 041 | _ageo | ||
| 080 | _a392(=622.3) ჭ–24 | ||
| 100 |
_aჭანტურიშვილი, სიმონ _94587 |
||
| 245 |
_aპაპუასები : _bეთნოგრაფიული ნარკვევი / _cრედ. ნუკრი ასათიანი. |
||
| 264 |
_aთბ. : _bსაბჭ. საქართველო, _c1971. |
||
| 300 |
_a73 გვ.: _bილ. ; _c17 სმ. |
||
| 653 | _aპაპუასების ეთნოგრაფია; | ||
| 700 |
_aასათიანი, ნ. _eრედაქტორი _91535 |
||
| 942 |
_cBK _2udc |
||